[Event "Steinfurt Bezirksklasse 1718"]
[Site "Germany"]
[Date "2018.02.10"]
[Round "5.6"]
[White "Hengelman, Nick"]
[Black "Barlage, Stefan"]
[Result "0-1"]
[WhiteElo "797"]
[BlackElo "1124"]
[PlyCount "70"]
[EventDate "2017.10.07"]
[EventType "team-tourn"]
[EventRounds "7"]
[EventCountry "GER"]
[SourceTitle "EXT 2019"]
[Source "ChessBase"]
[SourceDate "2018.10.10"]
[SourceVersion "1"]
[SourceVersionDate "2018.10.10"]
[SourceQuality "1"]
[WhiteTeam "Steinfurt IV"]
[BlackTeam "Neuenkirchen II"]
[WhiteTeamCountry "GER"]
[BlackTeamCountry "GER"]

1. e4 e6 2. Nf3 c6 3. d3 d5 4. Bg5 Be7 5. Bf4 Bb4+ 6. c3 Ba5 7. Bg5 Ne7 8. Ne5 f6 9. Nf3 fxg5 10. Nxg5 Ng6 11. Qg4 Qf6 12. d4 0-0 13. Qg3 h6 14. e5 Qxg5 15. Qxg5 hxg5 16. Bd3 Nf4 17. Bc2 Nxg2+ 18. Kf1 Ne3+ 19. Ke2 Nxc2 20. Nd2 Nxa1 21. Rxa1 b6 22. Rg1 Rf5 23. b4 Ba6+ 24. Ke3 Nd7 25. bxa5 bxa5 26. Nb3 Raf8 27. Nxa5 Rf3+ 28. Kd2 Rxf2+ 29. Ke1 Rxa2 30. Nxc6 Ra1+ 31. Kd2 Rxg1 32. Ne7+ Kf7 33. Nc6 Ke8 34. Nxa7 Rg2+ 35. Ke1 Rf1# 0-1

[Event "Steinfurt Bezirksklasse 1718"]
[Site "Germany"]
[Date "2017.11.18"]
[Round "2.5"]
[White "Altenaehr, Johannes"]
[Black "Hengelman, Nick"]
[Result "1-0"]
[WhiteElo "1348"]
[BlackElo "797"]
[PlyCount "91"]
[EventDate "2017.10.07"]
[EventType "team-tourn"]
[EventRounds "7"]
[EventCountry "GER"]
[SourceTitle "EXT 2019"]
[Source "ChessBase"]
[SourceDate "2018.10.10"]
[SourceVersion "1"]
[SourceVersionDate "2018.10.10"]
[SourceQuality "1"]
[WhiteTeam "Rheine CC"]
[BlackTeam "Steinfurt IV"]
[WhiteTeamCountry "GER"]
[BlackTeamCountry "GER"]

1. d4 d5 2. c4 e6 3. cxd5 exd5 4. Nc3 Nf6 5. Nf3 Bg4 6. Ne5 Bh5 7. Qc2 c6 8. Bg5 Qa5 9. Qf5 g6 10. Qc8+ Qd8 11. Qxd8+ Kxd8 12. Nxf7+ Ke7 13. Nxh8 h6 14. Bxf6+ Kxf6 15. Nxg6 Bxg6 16. a3 Na6 17. e3 b5 18. b4 Rd8 19. Rc1 Nxb4 20. axb4 Bxb4 21. Be2 a5 22. 0-0 a4 23. Na2 Be7 24. Rxc6+ Kf7 25. Bxb5 Be4 26. Bxa4 Rg8 27. f3 Bf5 28. Rxh6 Bg5 29. e4 Bc8 30. Rh7+ Kf8 31. f4 Bf6 32. e5 Bd8 33. Rb1 Bf5 34. Rb8 Bxh7 35. Rxd8+ Kf7 36. Rxg8 Bxg8 37. Bb3 Ke7 38. Nc3 Ke6 39. Bxd5+ Kf5 40. Bxg8 Kxf4 41. e6 Kf5 42. d5 Ke5 43. e7 Kd6 44. e8Q Kc5 45. Qe7+ Kb6 46. Qh7 1-0